000 00564nam a2200181 a 4500
005 20220818063526.0
008 090319s19842002mx r 000 0 spa d
020 _a8429151346
035 _aUPN01000169953
049 _aCG
050 4 _aQA95
_bR6.2
100 1 _aRodríguez Vidal, Rafael
245 1 0 _aDiversiones matemáticas :
_bjuegos y comentarios al margen de la clase /
_cRafael Rodríguez Vidal.
260 _aBarcelona, Esp. :
_bReverté,
_c1984 (2002 impr.).
300 _a188 p. :
_bil.
650 0 _aRecreaciones matemáticas
_96050
905 _aLibro
999 _c142059
_d142059